Socorro!: 12 cuentos para caerse de miedo
Salvato in:
| Autore principale: | |
|---|---|
| Natura: | Libro |
| Lingua: | spagnolo |
| Pubblicazione: |
Santiago
Alfaguara
1997
|
| Edizione: | 1a. ed |
| Serie: | Colección Infantil
|
| Soggetti: | |
| Tags: |
Aggiungi Tag
Nessun Tag, puoi essere il primo ad aggiungerne!!
|
MARC
| LEADER | 00000nam a2200000 a 4500 | ||
|---|---|---|---|
| 001 | UCH6660 | ||
| 003 | CL-VaPUC | ||
| 008 | 091109e19970000CL |||||||||||||||||spa|d | ||
| 020 | |a 9505111606 | ||
| 082 | 0 | 4 | |a Ar863 |b BOR |2 21 |
| 100 | |a Bornemann, Elsa |e author |9 545133 | ||
| 245 | 1 | 0 | |a Socorro!: 12 cuentos para caerse de miedo |
| 250 | |a 1a. ed | ||
| 300 | |a 168 p | ||
| 942 | |c BK | ||
| 945 | |d 20091109 00:00:00 |a lazolas | ||
| 260 | |a Santiago |b Alfaguara |c 1997 | ||
| 500 | |a Destinados a niños desde 10 años | ||
| 650 | 0 | |a Literatura argentina |9 320596 | |
| 650 | 0 | |a Cuentos infantiles argentinos |9 308508 | |
| 650 | 7 | |a CUENTOS ARGENTINOS |2 CL-VaPUC |9 543308 | |
| 583 | |a last modification |c 20180726 10:37:38 |k Rodrigo Vera | ||
| 490 | 0 | |a Colección Infantil | |
| 999 | |c 337509 |d 337507 | ||